Tục thờ cúng của người Việt

সংরক্ষণ করুন:
গ্রন্থ-পঞ্জীর বিবরন
প্রধান লেখক: Bùi, Xuân Mỹ
বিন্যাস: গ্রন্থ
ভাষা:Undetermined
প্রকাশিত: H. QĐND 2009
বিষয়গুলি:
অনলাইন ব্যবহার করুন:http://lrc.tdmu.edu.vn/opac/search/detail.asp?aID=2&ID=7501
ট্যাগগুলো: ট্যাগ যুক্ত করুন
কোনো ট্যাগ নেই, প্রথমজন হিসাবে ট্যাগ করুন!
Thư viện lưu trữ: Trung tâm Học liệu Trường Đại học Thủ Dầu Một
LEADER 00594nam a2200193Ia 4500
001 TDMU_7501
008 210410s9999 xx 000 0 und d
082 |a 390.597 
090 |b B510 
100 |a Bùi, Xuân Mỹ 
245 0 |a Tục thờ cúng của người Việt 
245 0 |c Bùi Xuân Mỹ 
260 |a H. 
260 |b QĐND 
260 |c 2009 
300 |a 212tr 
650 |a Tục thờ cúng; Văn hóa; Việt Nam 
856 |u http://lrc.tdmu.edu.vn/opac/search/detail.asp?aID=2&ID=7501 
980 |a Trung tâm Học liệu Trường Đại học Thủ Dầu Một